Matematika 7 : pro základní školy. Geometrie /

Hlavní autor: Boušková, Jitka, 1949-
Další autoři: Brzoňová, Milena, Trejbal, Josef
Jazyk: Čeština
Vydáno: Praha : SPN - pedagogické nakladatelství, 2015-
Vydání: 2. vydání
Témata:
Fyzický popis: ^^^svazků ; ilustrace ; 30 cm
Odebírané svazky: pracovní sešit
Knihy
Uloženo v:
LEADER 02012nam a2200517 ia4500
001 nkc20152691949
003 CZ PrNK
005 20200304142745.0
007 ta
008 150408m20159999xr a c p 000 0 cze
015 |a cnb002691949 
020 |a 978-80-7235-552-5  |q (pracovní sešit ;  |q brožováno) 
035 |a (OCoLC)908822546 
040 |a ABA001  |b cze  |e rda 
072 7 |a 51  |x Matematika  |2 Konspekt  |9 13 
072 7 |a 37.016  |x Učební osnovy. Vyučovací předměty. Učebnice  |2 Konspekt  |9 22 
080 |a 51  |2 MRF 
080 |a (075.2)  |2 MRF 
080 |a (076.1)  |2 MRF 
100 1 |a Boušková, Jitka,  |d 1949-  |7 mzk2007411226  |4 aut 
245 1 0 |a Matematika 7 :  |b pro základní školy.  |p Geometrie /  |c Jitka Boušková, Milena Brzoňová, Josef Trejbal 
246 1 |i Název na rubu tit. s.:  |a Matematika pro 7. ročník ZŠ - geometrie 
246 3 |a Geometrie 7 
246 3 |a Matematika 7 pro základní školy 
246 3 |a Matematika 7 - geometrie 
246 3 0 |a Geometrie 
250 |a 2. vydání 
264 1 |a Praha :  |b SPN - pedagogické nakladatelství,  |c 2015- 
300 |a ^^^svazků ;  |b ilustrace ;  |c 30 cm 
336 |a text  |b txt  |2 rdacontent 
337 |a bez média  |b n  |2 rdamedia 
338 |a svazek  |b nc  |2 rdacarrier 
500 |a "Zpracováno v souladu se záměry Rámcového vzdělávacího programu pro základní vzdělávání" 
505 1 |a Pracovní sešit. 2015. 63 stran 
650 0 7 |a matematika  |7 ph117231  |2 czenas 
650 0 9 |a mathematics  |2 eczenas 
655 7 |a učebnice základních škol  |7 fd133773  |2 czenas 
655 7 |a pracovní sešity  |7 fd133116  |2 czenas 
655 9 |a textbooks (elementary)  |2 eczenas 
655 9 |a activity books  |2 eczenas 
700 1 |a Brzoňová, Milena  |7 mzk2007411227  |4 aut 
700 1 |a Trejbal, Josef  |7 jn20001005444  |4 aut 
910 2 |a BOA001  |b 4-1347.000  |s pracovní sešit 
990 |a BK 
995 |a 01 
996 6 |b 2610632422  |c 4-1347.000  |d 1, pracovní sešit  |v 1  |l MZK  |r Sklad / do 1 hodiny  |n 1  |p p.v.  |w 001503892  |u 000010  |a 1  |e BOA001  |j MZK50  |s P